High Court Administration Cause No. 3 OF 1977 In The Matte of The Estate of The Late Rwabulikire Vs In the Matter of An Application For Letters of Administration By Yokana Rwabuhihi (Record no. 3985)

MARC details
000 -LEADER
fixed length control field 00525nam a22001097a 4500
008 - FIXED-LENGTH DATA ELEMENTS--GENERAL INFORMATION
fixed length control field 110624t xxu||||| |||| 00| 0 eng d
010 ## - LIBRARY OF CONGRESS CONTROL NUMBER
LC control number HCAACF133
245 ## - TITLE STATEMENT
Title High Court Administration Cause No. 3 OF 1977 In The Matte of The Estate of The Late Rwabulikire Vs In the Matter of An Application For Letters of Administration By Yokana Rwabuhihi
260 ## - PUBLICATION, DISTRIBUTION, ETC. (IMPRINT)
Date of publication, distribution, etc 1977
500 ## - GENERAL NOTE
General note Before: The Honourable Mr. Justice F.K. Butagira
Holdings
Withdrawn status Lost status Source of classification or shelving scheme Damaged status Koha normalized classification for sorting Not for loan Location (home branch) Sublocation or collection (holding branch) Shelving location Date acquired Koha issues (times borrowed) Koha full call number Piece designation (barcode) Koha date last seen Price effective from Koha item type
    Dewey Decimal Classification   HCAACF__133   Law Development Centre Main Library Law Development Centre Main Library Law Reports 06/24/2011   HCAACF_133 3/1977/1 06/24/2011 06/24/2011 Un Reported Cases